| 000 | 00525nam a2200217 i 4500 | ||
|---|---|---|---|
| 001 | bg | ||
| 100 | 1 | _aPANCEWICZ, Marcin | |
| 245 | 1 | 0 |
_aPo prostu Excel 97 / _cMarcin Pancewicz. |
| 260 |
_aGliwice : _b"Helion", _ccop. 1998. |
||
| 300 |
_a332 s. : _brys. ; _c24 cm. |
||
| 504 | _aIndeks. | ||
| 630 | 0 | 9 | _aExcel |
| 655 | _aPodręczniki | ||
| 020 | _a8371970102 | ||
| 040 | _cBPK | ||
| 041 | 0 | _apl | |
| 080 | _a004.42(07)Excel | ||
| 920 | _a83-7197-010-2 | ||
| 942 | _cKS | ||
| 008 | s pl f |000 0 pol | ||
| 999 |
_c33411 _d33411 |
||
| 856 |
_uhttp://koha.tu.koszalin.pl/cgi-bin/koha/opac-detail.pl?biblionumber=33411 _yKatalog online BPK |
||